000 00683nam a2200217 a 4500
001 000016576
003 OSt
005 20200929164930.0
008 100308s1951 dr 000 0 spa d
040 _aDO-SdBNP
_bspa
_cBNPHU
082 _a513.07
_bS118a
100 1 _aSabras Guerrea, Amos
_936858
245 1 0 _aAritmética razonada /
_cAmos Sabras Guerrea.
260 _aCiudad Trujillo :,
_c1951.
300 _a180 p. ;
_c23 cm.
500 _aLibro publicado para servir de texto a los alumnos de secunda enseñanza
590 _aInventariado, 2019/VM
650 4 _aAritmética
_xEnseñanza secundaria
_936859
910 _aValidado, Control de calidad MFF
942 _2ddc
_cLF1
999 _c16109
_d16109